000 00742nam a22002537a 4500
003 CHAP
005 20220329135331.0
008 971013s1980 r 00010 d
010 _a34579
011 _a35551
035 _a39667
040 _cCHAP
082 _a632.95
_bF34
100 0 0 _aFairchild, Edward J.
_939338
245 _aAgricultural chemicals and pesticides
_b: a handbook of the toxic effects
260 _aKent, England :
_bCastle House,
_c1980
300 _a227 p.
590 _aBATCH-UPD
_b10
_c20130110
_lUCH01
_h1939
590 _aCONVERSION
_b10
_c20130109
_lUCH01
_h1319
650 1 4 _aPesticidas
_xToxicidad.
_987571
901 _aBK
942 _cLIBRO
949 _a632.95 F34
_bBC
_cC
_d33724000569232
_eC
_h54740
_i39667
_si
999 _c34579
_d34579